Pinochet: los archivos secretos.
Shranjeno v:
| Glavni avtor: | |
|---|---|
| Format: | Knjiga |
| Izdano: |
Barcelona, España:
Crítica,
2004.
|
| Serija: | Memoria Crítica
|
| Teme: | |
| Oznake: |
Označite
Brez oznak, prvi označite!
|
MARC
| LEADER | 00000cam a2200000 a 4500 | ||
|---|---|---|---|
| 001 | UCF0032 | ||
| 003 | CL-VaPUC | ||
| 005 | 20250430143455.0 | ||
| 008 | 250421t2004 ||||| |||| 00| 0 eng d | ||
| 999 | |c 347538 |d 347536 | ||
| 020 | |a 84-8432-524- | ||
| 040 | |c Pontificia Universidad Católica de Valparaíso | ||
| 082 | 0 | 4 | |a 983.065 KOR 2004 |2 21 |
| 100 | 0 | |a Kornbluh, Peter |e autor |9 561832 | |
| 245 | 1 | 0 | |a Pinochet: los archivos secretos. |
| 260 | |a Barcelona, España: |b Crítica, |c 2004. | ||
| 300 | |a 381 páginas. | ||
| 490 | |a Memoria Crítica | ||
| 500 | |a c.1 Donación Bibliotecóloga Juana González. Memo Curauma 07-04-2025 | ||
| 583 | |a last modification |c 20120904 04:40:29 |k Rodrigo Vera | ||
| 650 | 0 | |a Historia de Chile |2 CL-VaPUC |9 265473 |y 1973-1988 | |
| 650 | 0 | |a Golpe de estado |9 264543 | |
| 650 | 0 | |a Derechos humanos |9 223025 | |
| 650 | 0 | |a Gobierno militar |9 316360 | |
| 942 | |c BK |2 ddc | ||
| 952 | |0 0 |1 0 |2 ddc |4 0 |6 983_065000000000000_KOR_2004 |7 0 |8 A |9 602607 |a BIBCUR |b BIBCUR |d 2025-04-21 |e Donación |i 5667242 |o 983.065 KOR 2004 |p 5667242 |r 2025-04-21 |t 1 |w 2025-04-21 |y BK |k CAC | ||